[Event "4NCL Online Division 7"]
[Site "online"]
[Date "2021.02.09"]
[EventDate "2021.02.09"]
[Round "2.341"]
[White "Burke, Alexander"]
[WhiteElo "1187"]
[WhiteTeam "Manchester Juniors D"]
[Black "Cox, David"]
[BlackElo "1252"]
[BlackTeam "MK Phoenix 5"]
[Result "0-1"]
[PlyCount "179"]

1. e4 c5 2. Nf3 d6 3. Nc3 Nf6 4. d3 Nc6 5. Be2 g6 6. Be3 Bg7 7. O-O O-O 8. Nd5 Ng4 9. Bd2 e6 10. Nc3 Bd7 11. h3 Nge5 12. Nxe5 Nxe5 13. Qc1 Re8 14. Bg5 f6 15. Bh6 Bh8 16. f4 Nf7 17. f5 exf5 18. Bf3 Rb8 19. exf5 Bxf5 20. Bd5 Be6 21. Qf4 Bxd5 22. Nxd5 Nxh6 23. Qxh6 Bg7 24. Qf4 f5 25. Qc4 Kh8 26. c3 b5 27. Qf4 a5 28. Rac1 b4 29. cxb4 axb4 30. b3 Be5 31. Qf3 Ra8 32. Rc2 Bd4+ 33. Kh1 Re5 34. Nf6 Qxf6 35. Qxa8+ Kg7 36. Qb7+ Kh6 37. Qf3 Re3 38. Qf4+ g5 39. Qxf5 Qxf5 40. Rxf5 Be5 41. Rf1 Rxd3 42. Rcc1 Rd2 43. g4 Rxa2 44. Rb1 Rh2+ 45. Kg1 Rxh3 46. Kg2 Rg3+ 47. Kf2 Rxg4 48. Rh1+ Kg6 49. Rhf1 h5 50. Kf3 Rg3+ 51. Ke4 Bf4 52. Rg1 Re3+ 53. Kd5 h4 54. Rbf1 Rxb3 55. Rxf4 Rd3+ 56. Kc4 Rc3+ 57. Kd5 Rd3+ 58. Kc6 Kh5 59. Rf5 Rg3 60. Rd1 h3 61. Rf2 Kh4 62. Rh1 g4 63. Kxd6 Rg2 64. Rf8 b3 65. Rh8+ Kg3 66. Kxc5 Rh2 67. Rg1+ Rg2 68. Rd1 b2 69. Rd3+ Kh2 70. Rb8 g3 71. Rdb3 Kg1 72. Rxb2 Rf2 73. Rb1+ Kg2 74. R8b2 h2 75. Kd4 Rxb2 76. Rxb2+ Kh3 77. Rb1 Kg2 78. Rb2+ Kf3 79. Rb3+ Kf2 80. Rb2+ Kf3 81. Rb3+ Kg4 82. Rb1 g2 83. Kd5 h1=Q 84. Rb4+ Kf3 85. Rb3+ Ke2 86. Rb2+ Kd1 87. Kc4 Qf1+ 88. Kc3 Qf6+ 89. Kb3 Qxb2+ 90. Kxb2 0-1

[Event "4NCL Online Division 7"]
[Site "online"]
[Date "2021.02.09"]
[EventDate "2021.02.09"]
[Round "2.342"]
[White "Wayne, Steven"]
[WhiteElo "1205"]
[WhiteTeam "MK Phoenix 5"]
[Black "Fung, Marcus"]
[BlackElo "1087"]
[BlackTeam "Manchester Juniors D"]
[Result "1-0"]
[PlyCount "111"]

1. d4 d5 2. c4 c6 3. Nc3 Bf5 4. Bf4 e6 5. e3 Bd6 6. Bg3 Nf6 7. Bd3 Bg6 8. c5 Bc7 9. Nf3 Ne4 10. Bxe4 dxe4 11. Ne5 f5 12. Qb3 Bf7 13. Qxb7 Bxe5 14. Bxe5 Nd7 15. Qxc6 Rc8 16. Qb5 O-O 17. O-O Nxe5 18. dxe5 Qg5 19. b4 h5 20. Qe2 h4 21. h3 Bh5 22. Qc4 Rce8 23. Kh1 Qe7 24. Nb5 g5 25. Nd6 Rb8 26. a3 g4 27. hxg4 Bxg4 28. Rg1 Qh7 29. Qxe6+ Kh8 30. c6 h3 31. g3 h2 32. c7 Bf3+ 33. Rg2 Bxg2+ 34. Kxg2 Qxc7 35. Qh6+ Qh7 36. Qxh2 Qxh2+ 37. Kxh2 Kg7 38. Kg2 Kg6 39. Rh1 Rh8 40. Rh4 Rh7 41. Rxh7 Kxh7 42. Nxf5 Re8 43. g4 Rxe5 44. Kg3 Kg6 45. Kf4 Rd5 46. Ne7+ Kf7 47. Nxd5 a5 48. bxa5 Ke8 49. g5 Kf7 50. Kf5 Kf8 51. g6 Kg8 52. a6 Kg7 53. a7 Kh6 54. a8=Q Kg7 55. Qa7+ Kh8 56. Qh7# 1-0

[Event "4NCL Online Division 7"]
[Site "online"]
[Date "2021.02.09"]
[EventDate "2021.02.09"]
[Round "2.343"]
[White "Sheehy, Lewis"]
[WhiteElo "1030"]
[WhiteTeam "Manchester Juniors D"]
[Black "Tierney, John"]
[BlackElo "1200"]
[BlackTeam "MK Phoenix 5"]
[Result "0-1"]
[PlyCount "94"]

1. d4 Nf6 2. Bf4 g6 3. e3 Bg7 4. c4 d6 5. Nc3 O-O 6. Bd3 Nc6 7. Nf3 Bd7 8. O-O Re8 9. h3 e5 10. dxe5 dxe5 11. Bg5 h6 12. Bxf6 Bxf6 13. Nd2 a6 14. Nde4 Bg7 15. Nd5 Rb8 16. Qf3 f5 17. Nc5 e4 18. Nxe4 Ne5 19. Nef6+ Bxf6 20. Nxf6+ Qxf6 21. Qd5+ Be6 22. Qd4 Rbd8 23. Qa7 Nxd3 24. Qxb7 Bxc4 25. Qxc7 Ne5 26. Rac1 Bxf1 27. Qa5 Nc4 28. Qb4 Be2 29. Rxc4 Rd1+ 30. Kh2 Qe5+ 31. g3 Bxc4 32. Qxc4+ Re6 33. Qc8+ Re8 34. Qxa6 Rd6 35. Qc4+ Rd5 36. Qc6 Kg7 37. Qb7+ Re7 38. Qc6 Rd6 39. Qc1 g5 40. f4 gxf4 41. gxf4 Qd5 42. Qg1+ Rg6 43. Qf2 Qxa2 44. Qc2 Rxe3 45. Qc7+ Qf7 46. Qc1 Re2+ 47. Kh1 Qd5# 0-1

[Event "4NCL Online Division 7"]
[Site "online"]
[Date "2021.02.09"]
[EventDate "2021.02.09"]
[Round "2.344"]
[White "Cutler, Matthew"]
[WhiteElo "1015"]
[WhiteTeam "MK Phoenix 5"]
[Black "Winser, Frederick"]
[BlackElo "993"]
[BlackTeam "Manchester Juniors D"]
[Result "1-0"]
[PlyCount "105"]

1. e4 e5 2. Nf3 Nc6 3. Bc4 d6 4. d4 exd4 5. Nxd4 Nxd4 6. Qxd4 c5 7. Qd5 Be6 8. Qd3 g6 9. O-O Bg7 10. Bxe6 fxe6 11. c4 Nf6 12. Bg5 O-O 13. b3 Qd7 14. Nc3 Ng4 15. f3 Ne5 16. Qd2 a6 17. Bh6 Rad8 18. Bxg7 Kxg7 19. a4 Qe7 20. h3 Rf7 21. f4 Nc6 22. Ne2 Nb4 23. g3 e5 24. h4 exf4 25. Rxf4 Rxf4 26. Qxf4 Rf8 27. Qe3 Nc2 28. Qc3+ Qf6 29. Qxf6+ Rxf6 30. Rf1 Rxf1+ 31. Kxf1 Nd4 32. Nxd4 cxd4 33. Ke2 Kf6 34. Kd3 Ke5 35. b4 h5 36. a5 Kf6 37. Kxd4 Ke6 38. b5 axb5 39. cxb5 Kd7 40. Kd5 b6 41. axb6 Kc8 42. Kxd6 Kb7 43. e5 g5 44. e6 gxh4 45. gxh4 Kb8 46. Kd7 Kb7 47. e7 Kxb6 48. e8=Q Kxb5 49. Qxh5+ Ka6 50. Qc5 Kb7 51. Qb4+ Ka6 52. Kc7 Ka7 53. Qb7# 1-0

[Event "4NCL Online Division 7"]
[Site "online"]
[Date "2021.02.23"]
[EventDate "2021.02.23"]
[Round "3.11"]
[White "Guthrie, David"]
[WhiteTitle "CM"]
[WhiteElo "2216"]
[WhiteTeam "Kings Head"]
[Black "Ward, George"]
[BlackElo "1736"]
[BlackTeam "MK Phoenix 4"]
[Result "1-0"]
[PlyCount "55"]

1. d4 Nf6 2. c4 e5 3. dxe5 Ng4 4. e3 Nxe5 5. Nh3 d6 6. Nf4 Nbd7 7. Nc3 Nf6 8. Be2 Be7 9. O-O O-O 10. b3 h6 11. Bb2 Bg4 12. f3 Bd7 13. Qd2 Bc6 14. Rad1 Nh7 15. Nfd5 Ng6 16. e4 Nf6 17. f4 Nxd5 18. exd5 Bd7 19. Ne4 Bf5 20. Ng3 Qd7 21. Nh5 f6 22. h3 Qe8 23. g4 Bd7 24. Bd3 Nh4 25. f5 g5 26. fxg6 Nxg6 27. Qxh6 f5 28. Qg7# 1-0

[Event "4NCL Online Division 7"]
[Site "online"]
[Date "2021.02.23"]
[EventDate "2021.02.23"]
[Round "3.12"]
[White "McCready, Mark"]
[WhiteElo "1736"]
[WhiteTeam "MK Phoenix 4"]
[Black "Ward, Julian T"]
[BlackElo "2151"]
[BlackTeam "Kings Head"]
[Result "0-1"]
[PlyCount "66"]

1. e4 c5 2. Nc3 a6 3. f4 b5 4. Nf3 Bb7 5. d3 e6 6. g3 b4 7. Ne2 d5 8. e5 h5 9. Bg2 Nh6 10. Be3 Be7 11. O-O Nc6 12. c3 Ng4 13. Bf2 Qb6 14. h3 Nxf2 15. Rxf2 a5 16. d4 Ba6 17. dxc5 Bxc5 18. Ned4 Nxd4 19. cxd4 Be7 20. Rc1 Kd7 21. Rfc2 Rac8 22. Rxc8 Rxc8 23. Rxc8 Bxc8 24. Qc2 Qc6 25. Qxc6+ Kxc6 26. Kf2 a4 27. Bf1 Kb6 28. Ke3 Bd7 29. Kd2 f6 30. Be2 Be8 31. Ne1 fxe5 32. fxe5 Bg5+ 33. Kd3 Bb5+ 0-1

[Event "4NCL Online Division 7"]
[Site "online"]
[Date "2021.02.23"]
[EventDate "2021.02.23"]
[Round "3.13"]
[White "Mackenzie, Colin"]
[WhiteElo "2046"]
[WhiteTeam "Kings Head"]
[Black "McKeon, John"]
[BlackElo "1585"]
[BlackTeam "MK Phoenix 4"]
[Result "1-0"]
[PlyCount "83"]

1. c4 e5 2. g3 Nf6 3. Bg2 Nc6 4. Nc3 Bb4 5. Nd5 Nxd5 6. cxd5 Ne7 7. Nf3 d6 8. Qa4+ Qd7 9. Qxb4 Nxd5 10. Qb3 Nf6 11. d3 h6 12. Bd2 O-O 13. O-O Rb8 14. Rac1 Qe7 15. Qa3 a6 16. Rc2 Be6 17. Nxe5 Qd8 18. Nc4 Qc8 19. Rfc1 Bh3 20. Ne3 Bxg2 21. Nxg2 Qh3 22. Nf4 Qg4 23. f3 Qf5 24. e4 Qb5 25. Rxc7 Qb6+ 26. Kg2 Rbd8 27. Qb4 Qxb4 28. Bxb4 b6 29. R7c6 g5 30. Ne2 Ne8 31. Rxb6 Ng7 32. Rxa6 f5 33. Rcc6 fxe4 34. dxe4 g4 35. f4 Rfe8 36. Rxd6 Rb8 37. Bc3 Rxe4 38. Nd4 Rbe8 39. Rg6 Re2+ 40. Nxe2 Rxe2+ 41. Kf1 Rxh2 42. Rxg7+ 1-0

[Event "4NCL Online Division 7"]
[Site "online"]
[Date "2021.02.23"]
[EventDate "2021.02.23"]
[Round "3.14"]
[White "Cox, Lucian"]
[WhiteElo "1469"]
[WhiteTeam "MK Phoenix 4"]
[Black "Thatte, Nishchal"]
[BlackElo "1966"]
[BlackTeam "Kings Head"]
[Result "0-1"]
[PlyCount "62"]

1. e4 e6 2. b3 d5 3. Bb2 Nc6 4. Qe2 dxe4 5. Nc3 Nd4 6. Qxe4 Nf6 7. Qd3 e5 8. Nb5 Bf5 9. Qc4 Nxc2+ 10. Kd1 c6 11. Nc3 Nxa1 12. Bxa1 Bd6 13. Nf3 O-O 14. Bd3 b5 15. Qxc6 Bxd3 16. Nxb5 Bxb5 17. Qxb5 Rb8 18. Qc4 Rc8 19. Qd3 e4 20. Qe3 exf3 21. Qxf3 Bb4 22. Qe2 Re8 23. Qxe8+ Nxe8 24. Ke2 Qxd2+ 25. Kf3 Rd8 26. Kg3 Rd3+ 27. Kg4 h5+ 28. Kh4 Qxf2+ 29. g3 Be7+ 30. Kxh5 Rd5+ 31. Kg4 Qf5# 0-1

[Event "4NCL Online Division 7"]
[Site "online"]
[Date "2021.02.23"]
[EventDate "2021.02.23"]
[Round "3.21"]
[White "Shapland, David"]
[WhiteElo "1924"]
[WhiteTeam "Hebden Bridge 2"]
[Black "Toczek, Grzegorz"]
[BlackTitle "FM"]
[BlackElo "2307"]
[BlackTeam "Newport A"]
[Result "1-0"]
[PlyCount "127"]

1. e4 e6 2. d4 d5 3. Nd2 Nf6 4. e5 Nfd7 5. c3 c5 6. Bd3 Nc6 7. Ne2 cxd4 8. cxd4 f6 9. Nf4 Nxd4 10. Qh5+ Ke7 11. exf6+ Nxf6 12. Ng6+ hxg6 13. Qxh8 Kf7 14. Qh4 e5 15. Nf3 Nxf3+ 16. gxf3 Bf5 17. Bxf5 gxf5 18. Bg5 Qa5+ 19. Kf1 Be7 20. Kg2 d4 21. Rhd1 Qd5 22. Rac1 e4 23. Bxf6 Bxf6 24. Rc7+ Kg8 25. Qh5 d3 26. Rdc1 Rd8 27. fxe4 Qxe4+ 28. f3 Qd5 29. Re1 Be5 30. Qxf5 d2 31. Rxe5 d1=Q 32. Rxd5 Qxd5 33. Qxd5+ Rxd5 34. Rxb7 Rg5+ 35. Kf2 Rh5 36. a4 Rxh2+ 37. Ke3 Rh4 38. a5 Ra4 39. b4 a6 40. Kf4 Kh7 41. Rb6 Kg8 42. Kg5 Kf7 43. Kf5 Ra3 44. f4 Ra4 45. Rb7+ Kf8 46. Kg6 Ra1 47. Rf7+ Ke8 48. Rxg7 Rf1 49. Kf5 Rc1 50. Ra7 Rc4 51. Rxa6 Rxb4 52. Ra7 Kf8 53. a6 Rb6 54. Kg5 Rc6 55. f5 Rb6 56. f6 Rb1 57. Rb7 Rg1+ 58. Kf4 Rf1+ 59. Ke5 Re1+ 60. Kd4 Rd1+ 61. Kc3 Ra1 62. a7 Ra6 63. Rb8+ Kf7 64. a8=Q 1-0

[Event "4NCL Online Division 7"]
[Site "online"]
[Date "2021.02.23"]
[EventDate "2021.02.23"]
[Round "3.22"]
[White "Rakos, Adam"]
[WhiteElo "2157"]
[WhiteTeam "Newport A"]
[Black "Wedge, David C"]
[BlackElo "1896"]
[BlackTeam "Hebden Bridge 2"]
[Result "1-0"]
[PlyCount "117"]

1. e4 d6 2. Nf3 g6 3. Bc4 Bg7 4. d4 Nf6 5. Nc3 O-O 6. O-O a6 7. a4 Bg4 8. h3 Bxf3 9. Qxf3 Nc6 10. Be3 e5 11. d5 Ne7 12. Qe2 Nh5 13. Bd3 Nf4 14. Bxf4 exf4 15. Qg4 Be5 16. Ne2 h5 17. Qf3 f5 18. c3 Qe8 19. Rfe1 g5 20. exf5 Nxf5 21. Nd4 Nh4 22. Qe4 Rf7 23. Ne6 Qe7 24. Rf1 g4 25. g3 Nf3+ 26. Kg2 Qf6 27. Qg6+ Qxg6 28. Bxg6 Rf6 29. Bxh5 gxh3+ 30. Kxf3 fxg3+ 31. Kg4 g2 32. Rg1 Bh2 33. Kxh3 Bxg1 34. Rxg1 Rxf2 35. Rxg2+ Rxg2 36. Kxg2 c6 37. dxc6 bxc6 38. Bf3 Rc8 39. Nd4 c5 40. Nf5 Rb8 41. b3 Kf8 42. Bd5 a5 43. Kf3 Rb6 44. Ke4 Ke8 45. Bc4 Kd7 46. Kd5 Kc7 47. Ng7 Rb8 48. Bb5 Rg8 49. Ne6+ Kb6 50. Kxd6 Rg3 51. Nxc5 Rxc3 52. Nd7+ Kb7 53. Bc4 Rc1 54. Kc5 Rg1 55. Nf6 Rg6 56. Nd5 Rc6+ 57. Kb5 Ra6 58. Ne7 Ra8 59. Bd5+ 1-0

[Event "4NCL Online Division 7"]
[Site "online"]
[Date "2021.02.23"]
[EventDate "2021.02.23"]
[Round "3.23"]
[White "Leonard, Pete"]
[WhiteElo "1874"]
[WhiteTeam "Hebden Bridge 2"]
[Black "Yeo, Gareth"]
[BlackElo "2133"]
[BlackTeam "Newport A"]
[Result "0-1"]
[PlyCount "94"]

1. e4 c5 2. Nc3 a6 3. g3 b5 4. Bg2 Bb7 5. d3 e6 6. Be3 Nf6 7. Nf3 b4 8. Na4 d6 9. O-O Nbd7 10. c3 a5 11. a3 bxc3 12. bxc3 Be7 13. Rb1 Bc6 14. c4 O-O 15. Nc3 Rb8 16. Nb5 Ng4 17. Bf4 Nge5 18. Qc2 Nxf3+ 19. Bxf3 g5 20. Bxd6 Bxd6 21. Nxd6 Ne5 22. Bg2 Qxd6 23. Rfd1 Rxb1 24. Qxb1 Rb8 25. Qc2 Qd4 26. Qd2 h6 27. Qxa5 Rb2 28. Qe1 Ra2 29. Qe3 Rxa3 30. Qxd4 cxd4 31. Bf1 Ba4 32. Rc1 Nxd3 33. Bxd3 Rxd3 34. Kf1 Bc6 35. Ke2 Rc3 36. Rxc3 dxc3 37. Kd3 Bxe4+ 38. Kxc3 Kf8 39. Kd4 Bf3 40. Kc5 Ke7 41. Kb6 Kd7 42. c5 g4 43. Kb5 Kc7 44. Kc4 Kc6 45. Kd4 f6 46. Kc4 e5 47. Kb4 Bd5 0-1

[Event "4NCL Online Division 7"]
[Site "online"]
[Date "2021.02.23"]
[EventDate "2021.02.23"]
[Round "3.24"]
[White "Graczyk-Gibiec, Barbara"]
[WhiteElo "1930"]
[WhiteTeam "Newport A"]
[Black "Allan, John M"]
[BlackElo "1818"]
[BlackTeam "Hebden Bridge 2"]
[Result "1-0"]
[PlyCount "129"]

1. d4 d5 2. Bg5 Nd7 3. c3 c6 4. Nd2 Ngf6 5. Qc2 e5 6. dxe5 Nxe5 7. Ngf3 Nxf3+ 8. Nxf3 Be7 9. h3 Ne4 10. Bxe7 Qxe7 11. e3 O-O 12. Bd3 h6 13. O-O-O b5 14. Nd4 Bd7 15. g4 b4 16. Bxe4 dxe4 17. c4 c5 18. Ne2 a5 19. Ng3 g6 20. Qxe4 Qxe4 21. Nxe4 Bc6 22. Nf6+ Kg7 23. Nd5 f5 24. Rhf1 Rae8 25. gxf5 Rxf5 26. Nf4 Rf6 27. Rg1 Kf7 28. h4 Re5 29. b3 g5 30. hxg5 hxg5 31. Nd3 Ref5 32. f4 gxf4 33. Nxf4 a4 34. Rd8 axb3 35. axb3 Rh6 36. Rc8 Re5 37. Rc7+ Re7 38. Rg7+ Kxg7 39. Rxe7+ Kf8 40. Rc7 Be4 41. Rxc5 Rh1+ 42. Kd2 Rh2+ 43. Ke1 Rb2 44. Ne6+ Ke7 45. Nd4 Bc2 46. Nxc2 Rxc2 47. Rb5 Rc3 48. Rxb4 Rxe3+ 49. Kd2 Rh3 50. Rb6 Kd7 51. c5 Kc7 52. b4 Rg3 53. Rh6 Rb3 54. Rb6 Rh3 55. Kc2 Rg3 56. Kb2 Rh3 57. Rg6 Rf3 58. b5 Rh3 59. Rg7+ Kc8 60. b6 Rh5 61. Rc7+ Kb8 62. Kc3 Rh4 63. Rd7 Rh1 64. Kb4 Rb1+ 65. Kc4 1-0

[Event "4NCL Online Division 7"]
[Site "online"]
[Date "2021.02.23"]
[EventDate "2021.02.23"]
[Round "3.31"]
[White "Pantazopoulos, Stavros"]
[WhiteElo "2176"]
[WhiteTeam "Hebden Bridge 1"]
[Black "White, John"]
[BlackElo "1779"]
[BlackTeam "Celtic Tigers Cubs"]
[Result "1-0"]
[PlyCount "59"]

1. d4 d5 2. c4 c6 3. Nf3 Nf6 4. e3 Bg4 5. Nc3 e6 6. Qb3 Qc7 7. Nh4 Nbd7 8. h3 Bh5 9. g4 Bg6 10. Nxg6 hxg6 11. Bg2 Bd6 12. Bd2 O-O 13. O-O dxc4 14. Qxc4 Nd5 15. Rac1 Rac8 16. Rfd1 Qb8 17. a3 Rfe8 18. f4 g5 19. fxg5 N7b6 20. Qd3 Nxc3 21. Bxc3 Nd5 22. Bd2 e5 23. g6 f6 24. dxe5 Rxe5 25. e4 Ne7 26. Bc3 Bc5+ 27. Kh1 Nxg6 28. Qc4+ Kh7 29. Bxe5 Qxe5 30. Qxc5 1-0

[Event "4NCL Online Division 7"]
[Site "online"]
[Date "2021.02.23"]
[EventDate "2021.02.23"]
[Round "3.32"]
[White "Cranston, Adam"]
[WhiteElo "1770"]
[WhiteTeam "Celtic Tigers Cubs"]
[Black "Cook, Philip"]
[BlackElo "2147"]
[BlackTeam "Hebden Bridge 1"]
[Result "0-1"]
[PlyCount "50"]

1. d4 Nf6 2. Bf4 d6 3. Nc3 Nbd7 4. Nf3 c6 5. e4 Qa5 6. Bd2 Qc7 7. Bc4 e6 8. Bb3 Be7 9. O-O O-O 10. Qe2 e5 11. d5 Nc5 12. Rfe1 a5 13. Bg5 h6 14. Bxf6 Bxf6 15. Na4 Nxa4 16. Bxa4 b5 17. Bb3 a4 18. dxc6 axb3 19. Qxb5 Ba6 20. Qd5 Rfc8 21. cxb3 Qxc6 22. Red1 Qxd5 23. Rxd5 Be7 24. b4 Bb7 25. Rd2 Rxa2 0-1

[Event "4NCL Online Division 7"]
[Site "online"]
[Date "2021.02.23"]
[EventDate "2021.02.23"]
[Round "3.33"]
[White "Eagleton, Greg T"]
[WhiteElo "2078"]
[WhiteTeam "Hebden Bridge 1"]
[Black "Kwabiah, C Kenneth"]
[BlackElo "1518"]
[BlackTeam "Celtic Tigers Cubs"]
[Result "1-0"]
[PlyCount "49"]

1. d4 e6 2. Nf3 f5 3. g3 Nf6 4. Bg2 d6 5. O-O Be7 6. c4 O-O 7. Nc3 c6 8. Qc2 Qe8 9. e4 fxe4 10. Nxe4 Nxe4 11. Qxe4 Qh5 12. Bf4 Na6 13. Rfe1 Bd7 14. a3 d5 15. Qe3 c5 16. cxd5 cxd4 17. Nxd4 Bc5 18. dxe6 Rae8 19. Qb3 Kh8 20. exd7 Rxe1+ 21. Rxe1 Bxd4 22. Qd3 Qc5 23. Be3 Qa5 24. b4 Nc5 25. Qxd4 1-0

[Event "4NCL Online Division 7"]
[Site "online"]
[Date "2021.02.23"]
[EventDate "2021.02.23"]
[Round "3.34"]
[White "Osseiran, Nadim"]
[WhiteElo "1113"]
[WhiteTeam "Celtic Tigers Cubs"]
[Black "Clarkson, Andrew"]
[BlackElo "2043"]
[BlackTeam "Hebden Bridge 1"]
[Result "0-1"]
[PlyCount "70"]

1. e4 d6 2. d4 Nf6 3. Nc3 g6 4. Nf3 Bg7 5. Bd3 O-O 6. O-O Bg4 7. Bd2 Nc6 8. d5 Nd4 9. Be2 Nxe2+ 10. Qxe2 c5 11. Qd3 a6 12. a4 Qc7 13. Bf4 Nd7 14. Nd2 Ne5 15. Qg3 Bd7 16. Nf3 Nxf3+ 17. Qxf3 b5 18. Ra2 b4 19. Nd1 f5 20. Ne3 fxe4 21. Qxe4 Bf5 22. Nxf5 Rxf5 23. b3 Raf8 24. Bg3 Bd4 25. Raa1 Qb7 26. Rae1 R8f7 27. Bh4 Re5 28. Qd3 Qxd5 29. Qxa6 Rxe1 30. Rxe1 Qf5 31. Qa8+ Rf8 32. Qe4 Bxf2+ 33. Kh1 Bxe1 34. Qxe1 Qf1+ 35. Qxf1 Rxf1# 0-1

[Event "4NCL Online Division 7"]
[Site "online"]
[Date "2021.02.23"]
[EventDate "2021.02.23"]
[Round "3.41"]
[White "Bentham, Sam"]
[WhiteElo "1621"]
[WhiteTeam "Oxford 5"]
[Black "Pink, Joshua"]
[BlackElo "1990"]
[BlackTeam "Throw in the Tal"]
[Result "1/2-1/2"]
[PlyCount "107"]

1. c4 Nf6 2. Nf3 e6 3. Nc3 d5 4. e3 c5 5. cxd5 exd5 6. d4 Nc6 7. Bb5 Be7 8. dxc5 Bxc5 9. O-O O-O 10. Qc2 Bg4 11. Bxc6 bxc6 12. Ne5 Qc7 13. Nxg4 Nxg4 14. g3 Bd6 15. b3 Rae8 16. Bb2 Re6 17. Qf5 Rg6 18. Rac1 Qb8 19. Ne2 Qc8 20. Qxc8 Rxc8 21. Nd4 Be5 22. Ba3 Rh6 23. Nf5 Re6 24. Ne7+ Rxe7 25. Bxe7 f6 26. Rc2 Kf7 27. Bc5 a6 28. h3 Nh6 29. Rfc1 Ke6 30. f4 Bb8 31. Kf2 Nf5 32. g4 Nd6 33. Bxd6 Kxd6 34. b4 Rc7 35. Ke2 Ba7 36. Kd3 Bb6 37. h4 h6 38. h5 Rc8 39. Rg2 Re8 40. Re2 Kd7 41. Rc3 Re4 42. a3 Ba7 43. Re1 Bb6 44. Kd2 a5 45. Rec1 axb4 46. axb4 c5 47. bxc5 Ba5 48. Kd3 Bxc3 49. Rxc3 Kc6 50. Ra3 Re7 51. Kd4 Re4+ 52. Kd3 Re7 53. Kd4 Re4+ 54. Kd3 1/2-1/2

[Event "4NCL Online Division 7"]
[Site "online"]
[Date "2021.02.23"]
[EventDate "2021.02.23"]
[Round "3.42"]
[White "Goodwin, Ed H"]
[WhiteElo "1838"]
[WhiteTeam "Throw in the Tal"]
[Black "Henbest, Kevin B"]
[BlackElo "1626"]
[BlackTeam "Oxford 5"]
[Result "1-0"]
[PlyCount "117"]

1. d4 Nf6 2. c4 d5 3. cxd5 Nxd5 4. Nf3 Bf5 5. Nc3 Nxc3 6. bxc3 e6 7. e3 Be7 8. Bd3 Bxd3 9. Qxd3 Nd7 10. Rb1 Rb8 11. O-O O-O 12. e4 Nc5 13. Qc2 Nd7 14. Rd1 Nb6 15. c4 c6 16. Bf4 Bd6 17. Bxd6 Qxd6 18. c5 Qc7 19. cxb6 axb6 20. d5 exd5 21. exd5 Rbd8 22. dxc6 bxc6 23. h3 Ra8 24. Ng5 g6 25. Ne4 Qf4 26. Ng3 b5 27. Rb2 Rfe8 28. Qxc6 Rac8 29. Qd6 Re1+ 30. Kh2 Qxd6 31. Rxd6 h5 32. Rd4 Rc5 33. Rbd2 f5 34. Ne2 g5 35. h4 g4 36. Nf4 Rcc1 37. Kg3 Rc3+ 38. R4d3 Rc4 39. Nxh5 Re5 40. Rd4 Rc3+ 41. Kf4 Rec5 42. Ng3 Kf7 43. Nxf5 b4 44. Rd7+ Ke8 45. Rd8+ Kf7 46. R8d7+ Ke8 47. Ne3 Rc6 48. Rd8+ Ke7 49. Nd5+ Kxd8 50. Nxc3+ Ke7 51. Ne4 Rc4 52. g3 Ke6 53. h5 Kf7 54. Kf5 Kg7 55. Rd7+ Kg8 56. h6 b3 57. axb3 Rc6 58. Nf6+ Kh8 59. Rd8# 1-0

[Event "4NCL Online Division 7"]
[Site "online"]
[Date "2021.02.23"]
[EventDate "2021.02.23"]
[Round "3.43"]
[White "Hertog, Alexander"]
[WhiteElo "1577"]
[WhiteTeam "Oxford 5"]
[Black "Griffiths, Gareth N R"]
[BlackElo "1786"]
[BlackTeam "Throw in the Tal"]
[Result "0-1"]
[PlyCount "64"]

1. c4 e5 2. g3 Nf6 3. Bg2 Bc5 4. a3 c6 5. e3 Bb6 6. Nc3 d5 7. b3 O-O 8. Nge2 Be6 9. d3 Qd7 10. f4 Ng4 11. cxd5 cxd5 12. d4 exd4 13. Nxd4 Re8 14. h3 Bxd4 15. Qxd4 Nc6 16. Qd1 Nf6 17. Ne2 d4 18. e4 d3 19. Nc3 Nxe4 20. Nxe4 Bf5 21. O-O Bxe4 22. Ra2 Rad8 23. g4 Nd4 24. Bxe4 Ne2+ 25. Kh1 Rxe4 26. Kh2 Nc3 27. Qf3 Nxa2 28. Qxe4 d2 29. Bxd2 Qxd2+ 30. Kg3 Nc3 31. Qxb7 Qd3+ 32. Rf3 Ne4+ 0-1

[Event "4NCL Online Division 7"]
[Site "online"]
[Date "2021.02.23"]
[EventDate "2021.02.23"]
[Round "3.44"]
[White "Hayes, Solomon"]
[WhiteElo "1454"]
[WhiteTeam "Throw in the Tal"]
[Black "Murawski, Jan"]
[BlackElo "1529"]
[BlackTeam "Oxford 5"]
[Result "1-0"]
[PlyCount "155"]

1. e4 e5 2. Nf3 Nc6 3. Bb5 a6 4. Ba4 Nf6 5. O-O Nxe4 6. d4 exd4 7. Re1 d5 8. Nxd4 Bc5 9. Nxc6 Bxf2+ 10. Kh1 bxc6 11. Bxc6+ Bd7 12. Qxd5 Bxc6 13. Qxc6+ Kf8 14. Qxe4 Bxe1 15. Qxe1 Qd4 16. Nc3 Re8 17. Qd2 Qe5 18. h3 Qe1+ 19. Kh2 Qe5+ 20. Qf4 f6 21. Qxe5 Rxe5 22. Bf4 Rc5 23. Rd1 Kf7 24. Rd7+ Kg6 25. Rxc7 Rxc7 26. Bxc7 Rc8 27. Bf4 Kf5 28. Kg3 g5 29. Bc1 Re8 30. Kf2 h5 31. Ne2 h4 32. Kf3 Rc8 33. c3 Ke5 34. Be3 Rd8 35. Bd4+ Ke6 36. Kg4 Rg8 37. Kh5 Kf5 38. g4+ hxg3 39. Nxg3+ Kf4 40. Ne2+ Kf5 41. Kh6 Rh8+ 42. Kg7 Rxh3 43. b4 g4 44. Bxf6 g3 45. Bd4 Ke4 46. Kf6 g2 47. Ng1 Rd3 48. Ke6 Rd2 49. a4 Ra2 50. a5 Kd3 51. Kd5 Ra1 52. Kc5 Re1 53. c4 Rc1 54. Bf2 Rc2 55. Bg3 Rxc4+ 56. Kb6 Rxb4+ 57. Kxa6 Rg4 58. Bf2 Rf4 59. Bb6 Kd2 60. Kb7 Ke1 61. a6 Kf1 62. a7 Rb4 63. a8=Q Rxb6+ 64. Kxb6 Kxg1 65. Kc5 Kh2 66. Qh8+ Kg3 67. Qd4 Kh2 68. Qf2 Kh1 69. Qh4+ Kg1 70. Kd4 Kf1 71. Qf4+ Ke2 72. Qe3+ Kf1 73. Qf3+ Kg1 74. Ke3 Kh2 75. Qf2 Kh1 76. Qh4+ Kg1 77. Kf3 Kf1 78. Qf2# 1-0

[Event "4NCL Online Division 7"]
[Site "online"]
[Date "2021.02.23"]
[EventDate "2021.02.23"]
[Round "3.51"]
[White "Even, Philipp"]
[WhiteElo "2028"]
[WhiteTeam "Londinium Centurions"]
[Black "Kosznik, Dariusz"]
[BlackElo "1853"]
[BlackTeam "Dundee City C"]
[Result "1/2-1/2"]
[PlyCount "128"]

1. e4 e6 2. d4 d5 3. Nd2 Nf6 4. e5 Nfd7 5. Bd3 c5 6. c3 Nc6 7. Ne2 cxd4 8. cxd4 f6 9. exf6 Nxf6 10. O-O Bd6 11. f4 Qb6 12. Nf3 Bd7 13. Kh1 O-O-O 14. a4 a5 15. Ne5 Rdf8 16. Bb5 Be8 17. Be3 Ne4 18. Nc3 Nxc3 19. bxc3 Bxe5 20. Bxc6 Qxc6 21. dxe5 Bg6 22. Qd4 Kd7 23. Ra2 Rc8 24. Rb2 Rc7 25. Rc1 Rhc8 26. Rb6 Qc4 27. Rd6+ Ke7 28. h3 Qxd4 29. Bxd4 Rc4 30. Ra1 Bc2 31. Rb6 R8c7 32. Rb5 Bxa4 33. Rxa5 b5 34. Ra8 Rb7 35. g4 Kf7 36. f5 Bc2 37. fxe6+ Kxe6 38. R8a6+ Ke7 39. Kh2 b4 40. Ra7 Rxa7 41. Rxa7+ Ke6 42. Ra6+ Kd7 43. Rd6+ Ke7 44. Rxd5 bxc3 45. Bf2 Bb3 46. Rb5 c2 47. Be3 Ba4 48. Rb7+ Ke6 49. Bc1 Rd4 50. Rc7 Rd1 51. Bb2 Kd5 52. Rxg7 c1=Q 53. Bxc1 Rxc1 54. Rxh7 Kxe5 55. Kg3 Kf6 56. Kh4 Rc3 57. g5+ Kg6 58. Rh6+ Kg7 59. Rd6 Bb5 60. Rb6 Bf1 61. Rb7+ Kg6 62. Rb6+ Kg7 63. Rb7+ Kg6 64. Rb6+ Kg7 1/2-1/2

[Event "4NCL Online Division 7"]
[Site "online"]
[Date "2021.02.23"]
[EventDate "2021.02.23"]
[Round "3.52"]
[White "Anderson, James"]
[WhiteElo "1644"]
[WhiteTeam "Dundee City C"]
[Black "Kafetzopoulos, Anastasis"]
[BlackElo "2071"]
[BlackTeam "Londinium Centurions"]
[Result "0-1"]
[PlyCount "56"]

1. d4 Nf6 2. Bg5 Ne4 3. Bf4 c5 4. f3 Qa5+ 5. c3 Nf6 6. Nd2 cxd4 7. Nb3 Qb6 8. Qxd4 Nc6 9. Qxb6 axb6 10. Bc7 Nd5 11. Bg3 Ne3 12. Kf2 Nc4 13. e3 Nxb2 14. Bb5 g6 15. Ne2 Na4 16. Rhc1 Bg7 17. e4 O-O 18. Rc2 d6 19. Rd1 Bd7 20. Kf1 Nb4 21. cxb4 Bxb5 22. Bf2 Nc3 23. Rdd2 Nxe2 24. Rxe2 Rfc8 25. Rxc8+ Rxc8 26. Ke1 Bxe2 27. Kxe2 Rc2+ 28. Kf1 Rxa2 0-1